Matemática I (Registro nro. 1039)
[ vista simple ]
| 000 -LEADER | |
|---|---|
| fixed length control field | 01052 a2200229 4500 |
| 001 - CONTROL NUMBER | |
| control field | 22641 |
| 005 - DATE AND TIME OF LATEST TRANSACTION | |
| control field | 20260407155517.0 |
| 008 - FIXED-LENGTH DATA ELEMENTS--GENERAL INFORMATION | |
| fixed length control field | 260407a2014 arg spa d |
| 003 - CONTROL NUMBER IDENTIFIER | |
| control field | AR-UNSa-BCEJYS |
| 040 ## - CATALOGING SOURCE | |
| Original cataloging agency | AR-UNSa-BCEJYS |
| Language of cataloging | spa |
| Transcribing agency | AR-UNSa-BCEJYS |
| 080 ## - UNIVERSAL DECIMAL CLASSIFICATION NUMBER | |
| Universal Decimal Classification number | 510 |
| Common auxiliary subdivision | Consideraciones fundamentales y generales de las matemáticas<br/> |
| 020 ## - INTERNATIONAL STANDARD BOOK NUMBER | |
| International Standard Book Number | 978-987-33-4298-1 |
| 100 1# - MAIN ENTRY--PERSONAL NAME | |
| Personal name | Astorga de Bárcena, Angélica Elvira |
| 245 10 - TITLE STATEMENT | |
| Title | Matemática I |
| 264 #1 - PRODUCTION, PUBLICATION, DISTRIBUTION, MANUFACTURE, AND COPYRIGHT NOTICE | |
| Place of production, publication, distribution, manufacture | Salta : |
| Name of producer, publisher, distributor, manufacturer | Universidad Nacional de Salta. Facultad de Ciencias Económicas, Jurídicas y Sociales |
| Date of production, publication, distribution, manufacture, or copyright notice | 2014 |
| 300 ## - PHYSICAL DESCRIPTION | |
| Extent | 231 p. |
| Dimensions | 29 cm. |
| 505 ## - FORMATTED CONTENTS NOTE | |
| Formatted contents note | 1. Lenguaje matemático - 2. Conjuntos numéricos - 3. Polinomios - 4. Ecuaciones e Inecuaciones - 5. Sumatoria y productoria - 6. Matrices - 7. Determinantes - 8. Sistemas de ecuaciones lineales - 9. Sistemas de inecuaciones lineales |
| 590 ## - LOCAL NOTE (RLIN) | |
| Local note | niveau_biblio:m niveau_hierar:0 |
| 700 1# - ADDED ENTRY--PERSONAL NAME | |
| Personal name | Lisi, Mónica |
| 856 41 - ELECTRONIC LOCATION AND ACCESS | |
| Uniform Resource Identifier | <a href="https://biblioeco.unsa.edu.ar/pmb/images/libros/Matematica I-l119576.jpg">https://biblioeco.unsa.edu.ar/pmb/images/libros/Matematica I-l119576.jpg</a> |
| Link text | Imagen de portada |
| Electronic format type | image/jpeg |
| 942 ## - ADDED ENTRY ELEMENTS (KOHA) | |
| Koha item type | |
| Withdrawn status | Lost status | Damaged status | Not for loan | Home library | Current library | Shelving location | Date acquired | Total checkouts | Full call number | Barcode | Date last seen | Price effective from | Koha item type | Public note |
|---|---|---|---|---|---|---|---|---|---|---|---|---|---|---|
| Biblioteca Prof. Eusebio Cleto del Rey | Biblioteca Prof. Eusebio Cleto del Rey | 07/04/2026 | 510 A858 | L119578 | 07/04/2026 | 07/04/2026 | Libro | CANTO RAYADO CON LÁPIZ - RESALTADOR VERDE Y AMARILLO | ||||||
| Biblioteca Prof. Eusebio Cleto del Rey | Biblioteca Prof. Eusebio Cleto del Rey | 07/04/2026 | 510 A858 | L119577 | 07/04/2026 | 07/04/2026 | Libro | FLUOR VERDE - LAPICERA AZUL - PÁG 30 MANCHADA - LÁPIZ - HÚMEDO EN CANTO INFERIOR Y SUPERIOR | ||||||
| Biblioteca Prof. Eusebio Cleto del Rey | Biblioteca Prof. Eusebio Cleto del Rey | 07/04/2026 | 510 A858 | L119576 | 07/04/2026 | 07/04/2026 | Libro | LAPICERA PÁG 22 Y 24 - PÁG 104 SUELTA |